| 000 | 00719nam a2200193 a 4500 | ||
|---|---|---|---|
| 001 | 2247 | ||
| 003 | CO-ViMGA | ||
| 008 | 141112s2004 ck r 000 u spa d | ||
| 040 |
_aCO-ViMGA _bspa _cCO-ViMGA |
||
| 082 | 0 | 4 | _a615.1 D177 |
| 100 | 1 |
_aDarr, Alfred _951041 |
|
| 245 | 1 | 0 | _aElementos de tecnologia farmaceutica |
| 260 |
_aZaragoza : _bAcribia, _c1982 |
||
| 300 | _a121 p : il | ||
| 505 | _aLa preparación de medicamentos en el ente farmaceutico 11 - - Metodos de medida de la farmacia 33 - - Prescripciones para la expedición de medicamentos 45 - - Acondicionamiento de medicamentos 53 - - Formas farmaceuticas sólidas 104 | ||
| 590 | _aEjemplares : 2 | ||
| 650 | 1 | 4 |
_aFARMACEUTICA _951042 |
| 942 |
_2ddc _cBK |
||
| 999 |
_c14351 _d14351 |
||